000 00298nam a2200133Ia 4500
100 _aKasare/R.M
942 _cBK
654 _amechanical
245 _aMechanical measurements
260 _bCentral Book Publishing
_aMumbai
_c2003
082 _a621/KAS
_bKAS
300 _a116
546 _aENGLISH
999 _c18886
_d18886